| 000 | 00525nam a2200181Ia 4500 | ||
|---|---|---|---|
| 008 | 240428s9999||||xx |||||||||||||| ||und|| | ||
| 020 | _a9781626374508 | ||
| 041 | _aeng | ||
| 082 | _a320.3L | ||
| 100 | _aLim, Timothy. C | ||
| 245 | 0 | _aDoing comparative politics: an introduction to approaches and issues | |
| 250 | _a3rd. ed | ||
| 260 |
_bLynne Rienner Pub _aColorado: _c2016 |
||
| 300 | _axi, 409p: illus., tabs; | ||
| 650 | _aComparative Government - Comparative Government and Politics | ||
| 942 | _cBK | ||
| 999 |
_c158 _d158 |
||